LEADER 00780nam0 2200253 450 001 000008290 005 20080721140329.0 010 $a1-55860-24-6 100 $a20070927d1999----km-y0itay50------ba 101 0 $aeng 102 $aUS 105 $aa-------001yy 200 1 $aVisual information retrieval$fAlberto Del Bimbo 210 $aSan Francesco$cMorgan Kaufmann publishers$dc1999 215 $aX, 6 c. di tav., 270 p.$cill.$d23 cm 410 0$12001 610 1 $aElaborazione delle immagine$aTecniche digitali 676 $a621.367$v20 700 1$aDel Bimbo,$bAlberto$0294616 801 0$aIT$bUNIPARTHENOPE$c20070927$gRICA$2UNIMARC 912 $a000008290 951 $aP1 621-V/1$b39829$cPIST$d2007 996 $aVisual information retrieval$9757478 997 $aUNIPARTHENOPE LEADER 00815nam0 2200277 450 001 000018582 005 20081031091623.0 100 $a20081031d1958----km-y0itay50------ba 101 0 $aita 102 $aIT 105 $ay-------001yy 200 1 $aEuropa$etappe e prospettive di unificazione$fMario Ferrari Aggradi 210 $aRoma$cStudium$dc1958 215 $a356 p.$d23 cm 225 2 $aCultura 410 0$12001$aCultura 500 10$aEuropa$932869 610 1 $aCooperazione internazionale$aEuropa 610 1 $aEuropa$aUNificazione 676 $a341.1$v15$9Cooperazione internazionale. Pacifismo 700 1$aFerrari Aggradi,$bMario$071042 801 0$aIT$bUNIPARTHENOPE$c20081031$gRICA$2UNIMARC 912 $a000018582 951 $a424/5$b1131$cNAVA2 996 $aEuropa$932869 997 $aUNIPARTHENOPE